| 000 | 00506nam a22001937a 4500 | ||
|---|---|---|---|
| 003 | OSt | ||
| 005 | 20160331162345.0 | ||
| 008 | 160331b xxu||||| |||| 00| 0 eng d | ||
| 020 | _a033366485x | ||
| 040 | _c040a | ||
| 082 |
_a307.1 _bSHE 1998 |
||
| 100 |
_aShepherd, Andrew _97546 |
||
| 245 |
_aSustainable rural development / _cAndrew Shepherd |
||
| 260 |
_aHampshire _bPalgrave _c1998 |
||
| 300 |
_aX,294P; _c10 cm |
||
| 504 | _aIncludes index | ||
| 650 |
_aRural development _92024 |
||
| 942 |
_2ddc _cSLOAN |
||
| 999 |
_c3370 _d3370 |
||